| 000 | 01061nam a2200301 a 4500 | ||
|---|---|---|---|
| 001 | 000111433 | ||
| 003 | CHAP | ||
| 005 | 20220329144210.0 | ||
| 008 | 150410s2014 mx a |s| |||||||spa d | ||
| 010 | _a107895 | ||
| 011 | _a108867 | ||
| 020 | _a9786071203656 | ||
| 040 | _cCHAP | ||
| 090 | _aCD-458 | ||
| 245 | 0 | 0 |
_aActualidades y desafíos de la investigación en recursos bióticos de zonas áridas _h[Disco compacto] _ccoordinado por Ricardo Trejo Calzada y Rafael Castro Franco. |
| 260 |
_aBermejillo, Dgo. : _bUACH. Unidad Regional Universitaria de Zonas Áridas, _c2014. |
||
| 300 |
_a1 CD ROM ; _c4 3/4 plg. |
||
| 590 |
_aE6096MTM _b05 _c20150410 _lUCH01 _h1408 |
||
| 590 |
_aE6096MTM _b05 _c20150410 _lUCH01 _h1413 |
||
| 590 |
_aE6096MTM _b05 _c20150410 _lUCH01 _h1413 |
||
| 650 | 1 | 4 |
_aAgricultura _xInvestigación. _91577 |
| 650 | 1 | 4 |
_aRecursos naturales _xInventarios _xRegiones áridas. _995291 |
| 700 | 0 |
_aCastro Franco, Rafael _ecoord. _920360 |
|
| 700 | 0 |
_aTrejo Calzada, Ricardo _ecoord. _9114744 |
|
| 901 | _aBK | ||
| 942 | _cCD | ||
| 942 | _n0 | ||
| 999 |
_c107895 _d107895 |
||